00173nam a2200073Ia 4500008004100000100001600041245002700057999001500084170524s9999 xx 000 0 und d aGURUSAMY- S 0aINTERNATIONAL BUSINESS c9686d9686